000 00822ngm a22002650a 4500
001 PT11105
003 AR-LpoUNG
005 20210201232303.0
007 co ||u|||uuuuu
008 191001suuuu||||ag |||||||||||||||||spa d
040 _aAR-LpoUNG
_bspa
_cAR-LpoUNG
_eaacr
041 _aspa
082 0 _a005.3 58pro
245 1 0 _aSoft
260 _as.l.
_bs.e.
_cs.f.
505 0 _aCopias donadas por el programa SyTI.
520 _aSumario: Acrobat reader 5.0 español; internet explorer 5.0 español; mathematica 4.0 inglés; netscape 4.7 inglés; Pascal; Winrar 2.71 inglés; Winzip 8.1 inglés; origin 5.0
650 4 _aCOMPUTACION
650 4 _aINFORMATICA
650 4 _aINTELIGENCIA ARTIFICIAL
650 4 _aMATEMATICAS
651 4 _aDOCUMENTOS TEORICOS O METODOLOGICOS
905 _a11105
942 _cCDDVD
999 _c53254
_d53254